Islamic studies
| Autores Corporativos: | , |
|---|---|
| Formato: | Electrónico Revista |
| Lenguaje: | inglés |
| Publicado: |
Karachi[, Pakistan] :
Central Institute of Islamic Research,
1962-
Rawalpindi, Pakistan : Islamic Research Institute Islamabad, Pakistan : |
| Materias: | |
| Acceso en línea: | Full text available from Research Library: 04/01/2008 to present |
MARC
| LEADER | 00000nas a2200000 a 4500 | ||
|---|---|---|---|
| 001 | ssj0000518612 | ||
| 003 | WaSeSS | ||
| 005 | 20200512172242.0 | ||
| 006 | m d | ||
| 007 | cr n | ||
| 008 | 100317c19629999pk qr p s 0 0eng c | ||
| 010 | |a 2011234711 | ||
| 022 | |l 0578-8072 |y 0578-8072 | ||
| 035 | |a (WaSeSS)ssj0000518612 | ||
| 040 | |a OCLCE |b eng |c OCLCE |d EYM |d HLS |d CS1 |d HUL |d OCLCQ |d OCLCF |d OCLCA |d OCLCQ |d OCLCO |d WaSeSS | ||
| 042 | |a dlr |a pcc | ||
| 050 | 4 | |a BP1 |b .I72 | |
| 082 | 0 | 4 | |a 297/.05 |2 19 |
| 245 | 0 | 0 | |a Islamic studies |h [electronic resource]. |
| 260 | |3 1962-September 1965 : |a Karachi[, Pakistan] : |b Central Institute of Islamic Research, |c 1962- | ||
| 260 | 2 | |3 December 1965-June 1967 : |a Rawalpindi, Pakistan : |b Islamic Research Institute | |
| 260 | 3 | |3 September 1967- : |a Islamabad, Pakistan : |b Islamic Research Institute | |
| 310 | |a Quarterly | ||
| 362 | 1 | |a Began with vol. I, no. 1 (Mar. 1962). | |
| 506 | |a License restrictions may limit access. | ||
| 538 | |a Master and use copy. Digital master created according to Benchmark for Faithful Digital Reproductions of Monographs and Serials, Version 1. Digital Library Federation, December 2002. |u http://purl.oclc.org/DLF/benchrepro0212 |5 MiAaHDL | ||
| 550 | |a Journal of the Central Institute of Islamic Research, 1962-Sept. 1965; the Islamic Research Institute, Pakistan, Dec. 1965- | ||
| 583 | 1 | |a digitized |c 2010 |h HathiTrust Digital Library |l committed to preserve |5 MiAaHDL |2 pda | |
| 588 | |a Description based on: Vol. I, no. 1 (Mar. 1962); title from PDF cover (JSTOR, viewed Oct. 7, 2011). | ||
| 588 | |a Latest issue consulted: Vol. 47, no. 4 (winter 2008) (JSTOR, viewed Oct. 7, 2011). | ||
| 650 | 0 | |a Islam |v Periodicals. | |
| 650 | 7 | |a Islam. |2 fast |0 (OCoLC)fst00979776 | |
| 650 | 1 | 7 | |a Islam. |2 gtt |
| 655 | 0 | |a Electronic journals. | |
| 710 | 2 | |a Central Institute of Islamic Research (Pakistan) | |
| 710 | 2 | |a Islamic Research Institute (Pakistan) | |
| 776 | 0 | 8 | |i Print version: |t Islamic studies |x 0578-8072 |w (DLC)sa 63001336 |w (OCoLC)1753984 |
| 856 | 4 | 0 | |z Full text available from Research Library: 04/01/2008 to present |u https://search.proquest.com/publication/105845 |